000 00652nam a22002057a 4500
005 20140826150117.0
010 _aENG-110601
020 _a9788120349902
_c495.00
035 _aEN-94133
037 _bDBAD/PUB
082 _a621.381
100 _aPaul, Biswanath
245 _aIndustrial electronics and control :
_cby Biswanath Paul
_bincluding programmable logic controller /
250 _a3rd ed
260 _aDelhi
_bPHI Learning
_c2014
270 _aRimjhim House, 111, Patparganj Industrial Estate
_bDelhi
_e110092
300 _axxiii,624p. :
_c25cm(pbk)
_bill.
500 _aIncludes index
942 _2ddc
_cEN
_mPAU
_h621.381
999 _c87595
_d87595